000
00316nam a22001457a 4500
003
SGT
020
_a
9788120332522
082
_a
657
_b
BHA
100
_a
BHATTACHARYYA , ASISH K
245
_a
ESSENTIALS OF FINANCIAL ACCOUNTING
250
_a
7
260
_a
NEW DELHI
_b
PHI
_c
2010
300
_a
492
942
_2
ddc
_c
BK
999
_c
26751
_d
26751